Quản trị nguồn nhân lực= Human resource management : Dùng cho sinh viên đại học, cao học Khối quản trị kinh doanh - kinh tế và các nhà quản trị

Sách giới thiệu với Sinh vn\iên Đại học, Sau Đại học, MBA, Các Giảng viên nội dung then chốt trong Quản trị Nguồn nhân lực Hiện đại.

Uloženo v:
Podrobná bibliografie
Hlavní autor: Bùi Văn Danh
Další autoři: Nguyễn Văn Dung, Lê Quang Khôi
Médium: Kniha
Jazyk:Vietnamese
Vydáno: Tp. Hồ Chí Minh Phương Đông 2011
Témata:
Tagy: Přidat tag
Žádné tagy, Buďte první, kdo otaguje tento záznam!
Thư viện lưu trữ: Thư viện Trường Đại học Nam Cần Thơ
LEADER 02519nam a22003137a 4500
001 NCT_43894
008 180706b xxu||||| |||| 00| 0 vie d
999 |c 2105  |d 2105 
020 |c 92000 
082 0 4 |2 23rd ed.  |a 658.3  |b D107 
100 1 |a Bùi Văn Danh 
245 1 0 |a Quản trị nguồn nhân lực=  |b Human resource management : Dùng cho sinh viên đại học, cao học Khối quản trị kinh doanh - kinh tế và các nhà quản trị  |c Bùi Văn Danh, Nguyễn Văn Dung, Lê Quang Khôi 
260 |a Tp. Hồ Chí Minh  |b Phương Đông  |c 2011 
300 |a 342 tr.  |b minh họa  |c 24cm 
520 3 |a Sách giới thiệu với Sinh vn\iên Đại học, Sau Đại học, MBA, Các Giảng viên nội dung then chốt trong Quản trị Nguồn nhân lực Hiện đại. 
653 |a Quản trị kinh doanh 
700 1 |a Nguyễn Văn Dung 
700 1 |a Lê Quang Khôi 
942 |2 ddc  |c BK 
952 |0 0  |1 0  |2 ddc  |4 0  |6 658_300000000000000_D107  |7 0  |9 11947  |a 000001  |b 000001  |d 2018-07-06  |l 2  |o 658.3 D107  |p MD.06801  |r 2019-04-11  |s 2019-04-10  |v 92000.00  |w 2018-07-06  |y BK 
952 |0 0  |1 0  |2 ddc  |4 0  |6 658_300000000000000_D107  |7 0  |9 11948  |a 000001  |b 000001  |d 2018-07-06  |l 2  |m 1  |o 658.3 D107  |p MD.06802  |r 2020-06-12  |s 2020-03-21  |v 92000.00  |w 2018-07-06  |y BK 
952 |0 0  |1 0  |2 ddc  |4 0  |6 658_300000000000000_D107  |7 0  |9 11949  |a 000001  |b 000001  |d 2018-07-06  |l 2  |o 658.3 D107  |p MD.06803  |r 2019-04-11  |s 2019-03-29  |v 92000.00  |w 2018-07-06  |y BK 
952 |0 0  |1 0  |2 ddc  |4 0  |6 658_300000000000000_D107  |7 0  |9 11950  |a 000001  |b 000001  |d 2018-07-06  |l 2  |o 658.3 D107  |p MD.06804  |r 2019-04-11  |s 2019-03-29  |v 92000.00  |w 2018-07-06  |y BK 
952 |0 0  |1 0  |2 ddc  |4 0  |6 658_300000000000000_D107  |7 0  |9 11951  |a 000001  |b 000001  |d 2018-07-06  |l 3  |o 658.3 D107  |p MD.06805  |r 2021-02-23  |s 2021-01-27  |v 92000.00  |w 2018-07-06  |y BK 
952 |0 0  |1 0  |2 ddc  |4 0  |6 658_300000000000000_D107  |7 0  |9 11952  |a 000001  |b 000001  |d 2018-07-06  |l 3  |o 658.3 D107  |p MD.06806  |r 2020-03-27  |s 2020-03-17  |v 92000.00  |w 2018-07-06  |y BK 
952 |0 0  |1 0  |2 ddc  |4 0  |6 658_300000000000000_D107  |7 0  |9 11953  |a 000001  |b 000001  |d 2018-07-06  |l 2  |o 658.3 D107  |p MD.06807  |r 2021-01-19  |s 2021-01-06  |v 92000.00  |w 2018-07-06  |y BK 
952 |0 0  |1 0  |2 ddc  |4 0  |6 658_300000000000000_D107  |7 0  |9 11954  |a 000001  |b 000001  |d 2018-07-06  |l 3  |m 1  |o 658.3 D107  |p MD.06808  |r 2019-04-11  |s 2019-03-25  |v 92000.00  |w 2018-07-06  |y BK 
952 |0 0  |1 0  |2 ddc  |4 0  |6 658_300000000000000_D107  |7 0  |9 11955  |a 000001  |b 000001  |d 2018-07-06  |o 658.3 D107  |p MD.06809  |r 2018-07-06  |v 92000.00  |w 2018-07-06  |y BK 
980 |a Thư viện Trường Đại học Nam Cần Thơ